| Tag |
First Indicator |
Second Indicator |
Subfields |
| LEADER |
00000nam a22000007i 4500 |
| 001 |
in00005690521 |
| 005 |
20260215001242.2 |
| 006 |
m o d |
| 007 |
cr cnu---unuuu |
| 008 |
251206s2025 nju o 000 0 eng d |
| 035 |
|
|
|a wil6005422
|
| 035 |
|
|
|a (NhCcYBP)wil6005422
|
| 040 |
|
|
|a NhCcYBP
|b eng
|e rda
|c NhCcYBP
|
| 020 |
|
|
|a 9781394316113
|q electronic book
|
| 020 |
|
|
|a 1394316119
|q electronic book
|
| 020 |
|
|
|a 9781394316106
|q electronic book
|
| 020 |
|
|
|a 1394316100
|q electronic book
|
| 020 |
|
|
|z 9781394316083
|q hardcover
|
| 020 |
|
|
|z 1394316089
|q hardcover
|
| 050 |
|
4 |
|a TK3105
|b .M53 2025
|
| 082 |
0 |
4 |
|a 621.31/26
|2 23/eng/20251215
|
| 100 |
1 |
|
|a Miao, Zhixin,
|e author.
|
| 245 |
1 |
0 |
|a Weak grid integration of inverter-based resources :
|b challenges and control solutions /
|c Zhixin Miao, Lingling Fan.
|
| 264 |
|
1 |
|a Hoboken, New Jersey :
|b John Wiley & Sons, Inc.,
|c [2025]
|
| 300 |
|
|
|a 1 online resource (179 p.).
|
| 336 |
|
|
|a text
|b txt
|2 rdacontent
|0 http://id.loc.gov/vocabulary/contentTypes/txt
|
| 337 |
|
|
|a computer
|b c
|2 rdamedia
|0 http://id.loc.gov/vocabulary/mediaTypes/c
|
| 338 |
|
|
|a online resource
|b cr
|2 rdacarrier
|0 http://id.loc.gov/vocabulary/carriers/cr
|
| 490 |
0 |
|
|a IEEE Press offshore wind energy collection
|
| 500 |
|
|
|a Description based upon print version of record.
|
| 520 |
|
|
|a Comprehensive resource discussing specific challenges and control solutions associated with operating inverter-based resources in weak grid scenarios Weak Grid Integration of Inverter-Based Resources delves into current operational challenges and control solutions associated with inverter-based resources (IBR) in weak grid scenarios, with...
|
| 532 |
1 |
|
|3 Wiley
|a "We measure accessibility according to the standards set by the Web Content Accessibility Guidelines (WCAG) 2.2 A/AA, Revised Section 508 of the US Rehabilitation Act, and EN 301 549." Source: https://onlinelibrary.wiley.com/accessibility. Last accessed April 22, 2025
|
| 588 |
|
|
|a Description based on online resource; title from digital title page (viewed on December 15, 2025).
|
| 650 |
|
0 |
|a Electric inverters.
|
| 650 |
|
0 |
|a Electric power systems
|x Control.
|
| 655 |
|
0 |
|a Electronic books.
|
| 700 |
1 |
|
|a Fan, Lingling,
|e author.
|
| 776 |
0 |
8 |
|i Print version:
|a Miao, Zhixin
|t Weak Grid Integration of Inverter-Based Resources
|d Newark : John Wiley & Sons, Incorporated,c2025
|z 9781394316083
|
| 776 |
0 |
8 |
|c Original
|z 1394316089
|z 9781394316083
|
| 856 |
4 |
0 |
|u http://proxy.library.tamu.edu/login?url=https://onlinelibrary.wiley.com/book/10.1002/9781394316113
|z Connect to the full text of this electronic book
|t 0
|
| 955 |
|
|
|a Wiley EBA record
|
| 975 |
|
|
|p Wiley UBCM Full Collection
|
| 976 |
|
|
|a 6005422
|
| 999 |
f |
f |
|i 8e731275-3043-4cf4-bc94-935501865c91
|s d06243ee-10e5-4fba-ad89-a7b150b3bae9
|t 0
|
| 952 |
f |
f |
|a Texas A&M University
|b College Station
|c Electronic Resources
|s evans_pda
|d Available Online
|t 0
|e TK3105 .M53 2025
|h Library of Congress classification
|
| 998 |
f |
f |
|a TK3105 .M53 2025
|t 0
|l Available Online
|